000 00860njm a22002297a 4500
005 20100830111935.0
007 sd ammalaaahaa
008 100830t xxu||||| |||| 00| 0 eng d
028 _aN.14422
_bHis Master's Voice
028 _aOME.4477
035 _aGR-00031
040 _adpl
_cdpl
245 _a Pyarae Darisana/
_csung by M.S.Subbulaxmi
_h[sound recording]:
260 _aDum Dum, India:
_bHis Master's Voice
300 _a1 sound disc [GramphoneRecording]:
_banalog,33.1/3 rpm
_c9.5 in.(MP)
_fGramphones Records
500 _aBrief Record
505 _aHari thum raro(M.S.Subbulaxmi)-- Pyarae Darisana(M.S.Subbulaxmi)
650 _xExperts
_zIndia
_917446
_aClassical Music
700 _aSubbulaxmi, M.S.
_917585
942 _2ddc
_cGR
999 _c43168
_d43168